00370nam a2200133Ia 4500008004100000041000800041082001400049100003000063245006000093250000800153260004700161300000600208650002200214230711s9999||||xx |||||||||||||| ||und|| aENG a624bBU-I aBureau of Indian Standard 0aSI : 2720 Pt XXIX 1975bMethod of test for soil pt XXIX a1st c1975aNew DelhibBureau of Indian Standard a9 aCivil Engineering